A Get Work Trend Kft. minőségirányítási rendszerének továbbfejlesztési lehetőségei

Bibliográfiai részletek
Szerző: Tóth András
További közreműködők: Tóth Dr. Antal
Dokumentumtípus: Diplomadolgozat
Kulcsszavak:Minőségirányítási rendszer
TQM
Szolgáltatási minőség
Get Work Trend Kft.
Minőségirányítás
Online Access:http://dolgozattar.uni-bge.hu/16388

MARC

LEADER 00000nta a2200000 i 4500
001 dolg16388
005 20200323112605.0
008 180514suuuu hu om 000 hun d
040 |a BGE Dolgozattár Repozitórium  |b hun 
041 |a hu 
100 1 |a Tóth András 
245 1 2 |a A Get Work Trend Kft. minőségirányítási rendszerének továbbfejlesztési lehetőségei  |c Tóth András  |h [elektronikus dokumentum] 
695 |a Minőségirányítási rendszer 
695 |a TQM 
695 |a Szolgáltatási minőség 
695 |a Get Work Trend Kft. 
695 |a Minőségirányítás 
700 1 |a Tóth Dr. Antal  |e ths 
856 4 0 |u http://dolgozattar.uni-bge.hu/16388/1/Szakdolgozat_To%CC%81th_Andra%CC%81s_2018_.pdf  |z Dokumentum-elérés